000 00899nas a2200265 4500
001 BR8101918
003 BR-BrBNA
005 20231205084617.0
007 ta
008 230509b bl.|||p| |||| 00| 00por d
040 _aBR-BrBNA
_bpor
_cBiblioteca Nacional de Agricultura
041 _a(Pt)
072 _aL73; L74
100 1 _aKavinski, L.C.
245 1 _aLesoes oculares de toxoplasmose em caes clinicamente suspeitos de cinomose [Canis familiaris; Brasil]
246 1 _aToxoplasmosis eye lesions in dogs clinically suspected of distemper [Canis familiaris; Brazil]
650 _aDoenca animal
650 _aDisturbio animal
650 _aCao
650 _aToxoplasmose
650 _aCinomose
773 0 _tRevista do Setor de Ciencias Agrarias (Brazil)
_xISSN 0100-607X
_g(Jan 1980), v. 2(1) p. 67-70
_wBR8101918
909 _a202311
_bLúcia
_c55
_dLúcia Elande
942 _2AGRIS
_n0
_cANA
999 _c106242
_d106242